RF radiometer handbook / (Record no. 60775)
[ view plain ]
| 000 -LEADER | |
|---|---|
| fixed length control field | 00939cam a2200277 i 4500 |
| 001 - CONTROL NUMBER | |
| control field | 2246653 |
| 003 - CONTROL NUMBER IDENTIFIER | |
| control field | NUST-PNEC |
| 005 - DATE AND TIME OF LATEST TRANSACTION | |
| control field | 20170116180707.0 |
| 008 - FIXED-LENGTH DATA ELEMENTS--GENERAL INFORMATION | |
| fixed length control field | 770114s1977 maua b 001 0 eng |
| 010 ## - LIBRARY OF CONGRESS CONTROL NUMBER | |
| LC control number | 77000501 |
| 020 ## - INTERNATIONAL STANDARD BOOK NUMBER | |
| International Standard Book Number | 089006055X |
| Terms of availability | $23.00 |
| 040 ## - CATALOGING SOURCE | |
| Transcribing agency | PNEC |
| 050 00 - LIBRARY OF CONGRESS CALL NUMBER | |
| Classification number | QC338.5.R3 |
| Item number | E95 |
| 082 00 - DEWEY DECIMAL CLASSIFICATION NUMBER | |
| Classification number | 539.202 EVA |
| 100 1# - MAIN ENTRY--PERSONAL NAME | |
| Personal name | Evans, G., |
| Dates associated with a name | 1923- |
| 245 10 - TITLE STATEMENT | |
| Title | RF radiometer handbook / |
| Statement of responsibility, etc. | G. Evans, C. W. McLeish. |
| 260 ## - PUBLICATION, DISTRIBUTION, ETC. | |
| Place of publication, distribution, etc. | Dedham, Mass. : |
| Name of publisher, distributor, etc. | Artech House, |
| Date of publication, distribution, etc. | c1977. |
| 300 ## - PHYSICAL DESCRIPTION | |
| Extent | 152 p. : |
| Other physical details | ill. ; |
| Dimensions | 24 cm. |
| 500 ## - GENERAL NOTE | |
| General note | Including Indes: http://www.amazon.fr/Frequency-Radiometer-Handbook-Charles-McLeish/dp/089006055X/ref=sr_1_1?ie=UTF8&qid=1411805003&sr=8-1&keywords=089006055X |
| 504 ## - BIBLIOGRAPHY, ETC. NOTE | |
| Bibliography, etc. note | Includes bibliographical references and index. |
| 610 ## - SUBJECT ADDED ENTRY--CORPORATE NAME | |
| General subdivision | EL |
| 650 #0 - SUBJECT ADDED ENTRY--TOPICAL TERM | |
| Topical term or geographic name entry element | Radiometers. |
| 700 1# - ADDED ENTRY--PERSONAL NAME | |
| Personal name | McLeish, C. W., |
| Dates associated with a name | 1915- |
| Relator term | joint author. |
| 906 ## - LOCAL DATA ELEMENT F, LDF (RLIN) | |
| a | 7 |
| b | cbc |
| c | orignew |
| d | 1 |
| e | ocip |
| f | 19 |
| g | y-gencatlg |
| 942 ## - ADDED ENTRY ELEMENTS (KOHA) | |
| Source of classification or shelving scheme | |
| Koha item type | Book |
| Withdrawn status | Lost status | Source of classification or shelving scheme | Damaged status | Not for loan | Permanent Location | Current Location | Shelving location | Date acquired | Source of acquisition | Cost, normal purchase price | Total Checkouts | Full call number | Barcode | Date last seen | Cost, replacement price | Price effective from | Koha item type |
|---|---|---|---|---|---|---|---|---|---|---|---|---|---|---|---|---|---|
| Pakistan Navy Engineering College (PNEC) | Pakistan Navy Engineering College (PNEC) | Reference | 12/29/1987 | Royal Book Company | 772.20 | 539.202 EVA | PNECLIB-011223 | 09/27/2014 | 772.20 | 12/29/1987 | Book |
